000 00361pab a2200157 454500
008 180718b2017 xxu||||| |||| 00| 0 eng d
100 _aMohan, Saumitra
245 _aThe retreat of liberal democracy
260 _c2017
300 _ap.23-24.
362 _a8 Jul
650 _aDemocracy
650 _aLiberalism
773 _aMainstream
909 _a115282
999 _c115276
_d115276